00670nam a2200169 a 4500008004100000020001800041050001400059245006100073260004800134300001600182350001000198650001500208650003000223995010000253999001700353952013000370190122s2011 ||||||||||||||||| || u a9780113313273 aHD 31 Man00aManaging successful programmescby The Stationery Office aNorwich:bTSO (the stationary office)c2011 a301P.: ill. a39.78 0aMANAGEMENT aORGANIZATIONS--MANAGEMENT FCBU-MAIN LIBRARY (Kitwe)I39.78M1UAVAILABLEWFeb 6, 2019ZMain Library Open Access Collection c50220d50220 00102lcc4070a001b001cMain Library Open Access Collectiond2022-11-30l0oHD 31 Manp748844r2022-11-30w2022-11-30y002